No more dead dogs / (Record no. 2786)

MARC details
000 -LEADER
fixed length control field 01075cam a2200313 a 4500
005 - DATE AND TIME OF LATEST TRANSACTION
control field 20240115122404.0
020 ## - INTERNATIONAL STANDARD BOOK NUMBER
International Standard Book Number 0786805315 (tr)
020 ## - INTERNATIONAL STANDARD BOOK NUMBER
International Standard Book Number 9780439294843
020 ## - INTERNATIONAL STANDARD BOOK NUMBER
International Standard Book Number 078682462X (lib)
040 ## - CATALOGING SOURCE
Original cataloging agency DLC
Transcribing agency DLC
050 00 - LIBRARY OF CONGRESS CALL NUMBER
Classification number PZ7.K8369
Item number Nm 2000
082 00 - DEWEY DECIMAL CLASSIFICATION NUMBER
Classification number 808.7
Edition number 21
100 1# - MAIN ENTRY--PERSONAL NAME
Personal name Korman, Gordon
245 10 - TITLE STATEMENT
Title No more dead dogs /
Statement of responsibility, etc. Gordon Korman
250 ## - EDITION STATEMENT
Edition statement First Scholastic printing, September 2001
260 ## - PUBLICATION, DISTRIBUTION, ETC.
Place of publication, distribution, etc. New York :
Name of publisher, distributor, etc. Scholastic,
Date of publication, distribution, etc. 2000
300 ## - PHYSICAL DESCRIPTION
Extent 180 pages ;
Dimensions 20 cm
505 ## - FORMATTED CONTENTS NOTE
Formatted contents note M
520 ## - SUMMARY, ETC.
Summary, etc. Eighth-grade football hero Wallace Wallace is sentenced to detention attending rehearsals of the school play where, in spite of himself, he becomes wrapped up in the production and begins to suggest changes that improve not only the play but his life as well.
521 ## - TARGET AUDIENCE NOTE
Target audience note 610
Source Lexile
521 ## - TARGET AUDIENCE NOTE
Target audience note M
Source Raz-Plus
650 #1 - SUBJECT ADDED ENTRY--TOPICAL TERM
Topical term or geographic name entry element Theater
Form subdivision Fiction.
650 #1 - SUBJECT ADDED ENTRY--TOPICAL TERM
Topical term or geographic name entry element Schools
Form subdivision Fiction.
650 #1 - SUBJECT ADDED ENTRY--TOPICAL TERM
Topical term or geographic name entry element Football
Form subdivision Fiction.
650 #1 - SUBJECT ADDED ENTRY--TOPICAL TERM
Topical term or geographic name entry element Humorous stories.
906 ## - LOCAL DATA ELEMENT F, LDF (RLIN)
a 7
b cbc
c orignew
d 1
e ocip
f 20
g y-gencatlg
942 ## - ADDED ENTRY ELEMENTS (KOHA)
Source of classification or shelving scheme Dewey Decimal Classification
Koha item type Books
Suppress in OPAC No
999 ## -
-- 2786
-- 2786
Holdings
Withdrawn status Lost status Source of classification or shelving scheme Damaged status Not for loan Collection Home library Current library Shelving location Date acquired Total Checkouts Full call number Barcode Date last seen Copy number Price effective from Koha item type
    Dewey Decimal Classification     Juvenile Fiction Footprints International School Library Network Toul Kork Campus Footprints International School Library Network Toul Kork Campus   01/15/2024   KOR 808.7 PZ7.K8369 FISSE00529 01/15/2024 1 01/15/2024 Books
    Library of Congress Classification     Fiction Footprints International School Library Network Toul Kork Campus Footprints International School Library Network Toul Kork Campus   04/29/2024   KOR 808.7 PZ7.K8369 2024-0544 04/29/2024 2 04/29/2024 Books